| 000 | 00863cam a22003134a 4500 | ||
|---|---|---|---|
| 999 |
_c35445 _d35445 |
||
| 001 | 001285695 | ||
| 003 | AR-RgUNPA | ||
| 005 | 20260302105734.0 | ||
| 007 | ta | ||
| 008 | 130805s2013 ag a fr 0101 0 spa | ||
| 015 | _aAR-2011 | ||
| 020 | _a9789506491222 | ||
| 040 |
_aSIUNPA _bspa _cSIUNPA _eAACR2 |
||
| 041 | _aspa | ||
| 044 |
_aag _car-c |
||
| 080 | 0 | _a159.9.072.43 K968t2 | |
| 100 |
_4, autora _aKuras de Mauer, Susana |
||
| 245 | 0 | 0 |
_aTerritorios del acompañamiento terapéutico _cSusana Kuras de Maver ... [et al.] |
| 250 | _a2a. ed. | ||
| 260 |
_aBuenos Aires : _bLetra Viva, _c2013 |
||
| 300 |
_a217 p. _c: il. |
||
| 650 | 4 | _aPSICOLOGIA | |
| 650 | 4 | _aPSICOTERAPIA | |
| 650 | 4 | _aACOMPAÑANTE TERAPEUTICO | |
| 650 | 4 | _aADOLESCENCIA | |
| 650 | 4 | _aDESARROLLO DEL ADULTO | |
| 700 | 1 |
_aResnizky, Silvia Adriana _e, autora |
|
| 942 |
_2udc _cBK |
||